• Cori Piera

di Personal Name

Records bibliografici associati: 1

001 - CONTROL NUMBER

  • control field: 29936

003 - CONTROL NUMBER IDENTIFIER

  • control field: IT-RoPau

005 - DATE AND TIME OF LATEST TRANSACTION

  • control field: 20140616165234.0

008 - FIXED-LENGTH DATA ELEMENTS

  • fixed length control field: 140616|| aca||aabn | a|a d

040 ## - CATALOGING SOURCE

  • Original cataloging agency: IT-RoPau
  • Transcribing agency: IT-RoPau

100 ## - HEADING--PERSONAL NAME

  • Personal name: Cori Piera
  • Dates associated with a name: Codice autore testo/musica SPICS: 11298
  • Relator term: Autore testo/musica
  • Name of part/section of a work: La vostra gioia - Inno all'amore

670 ## - SOURCE DATA FOUND

  • Source citation: Work cat.: (IT-RoPau)99472: AA.VV. 794, Sulle orme di Paolo
CREDITS: SOCIETA' SAN PAOLO Via A.Severo, 58 - ROMA (RM) & PERIODICI SAN PAOLO SRL Via Giotto, 36 MILANO & CISF Via Giotto, 36 MILANO & EDIZIONI SAN PAOLO SRL,  Piazza Soncino, 5 CINISELLO BALSAMO (MI) -- ITALY